Góngora
Guardat en:
| Autor principal: | |
|---|---|
| Format: | Llibre |
| Idioma: | espanyol |
| Publicat: |
Barcelona
Labor
1953
|
| Col·lecció: | Clasicos Labor, 18
|
| Matèries: | |
| Etiquetes: |
Afegir etiqueta
Sense etiquetes, Sigues el primer a etiquetar aquest registre!
|
MARC
| LEADER | 00000nam a2200000 a 4500 | ||
|---|---|---|---|
| 001 | UCH1297 | ||
| 003 | CL-VaPUC | ||
| 008 | 090420e19530000SP |||||||||||||||||spa|d | ||
| 082 | 0 | 4 | |a 860.63 |b ORO |2 21 |
| 100 | |a Orozco Díaz, Emilio |e autor |9 535712 | ||
| 245 | 1 | 0 | |a Góngora |
| 300 | |a 339 p | ||
| 942 | |c BK | ||
| 945 | |d 20090420 00:00:00 |a dcastane | ||
| 260 | |a Barcelona |b Labor |c 1953 | ||
| 600 | 0 | 7 | |a GONGORA, LUIS DE |2 CL-VaPUC |9 535713 |
| 650 | 0 | |a Poesía española |9 264938 | |
| 650 | 0 | |a Literatura española |9 306261 | |
| 650 | 0 | |a Biografías |9 255210 | |
| 583 | |a last modification |c 20090420 00:00:00 |k Rodrigo Vera | ||
| 490 | 0 | |a Clasicos Labor, 18 | |
| 999 | |c 333349 |d 333347 | ||
| 952 | |0 0 |1 0 |4 0 |6 860_630000000000000_ORO_1953 |7 0 |8 A |9 421698 |a BIBEDU |b BIBEDU |d 2019-11-22 |i 4520424 |l 1 |o 860.63 ORO 1953 |p 4520424 |r 2023-10-04 |s 2023-09-27 |w 2019-11-22 |y BK |k LIT | ||